[Event "Rochefort op 8th"]
[Site "Rochefort"]
[Date "2009.02.??"]
[Round "4"]
[White "Ippolito, Manuel"]
[Black "Burmakin, Vladimir"]
[Result "1/2-1/2"]
[WhiteElo "2284"]
[BlackElo "2623"]
[PlyCount "32"]
[EventDate "2009.02.??"]
[EventType "swiss"]
[EventRounds "9"]
[EventCountry "FRA"]
[SourceTitle "EXT 2010"]
[Source "ChessBase"]
[SourceDate "2010.11.25"]
[SourceVersion "1"]
[SourceVersionDate "2010.11.25"]
[SourceQuality "1"]

1. e4 c6 2. d4 d5 3. f3 g6 4. Nc3 Nh6 5. Bf4 f6 6. h4 Bg7 7. Qd2 Nf7 8. h5 g5 9. Be3 h6 10. 0-0-0 f5 11. exf5 Bxf5 12. g4 Bh7 13. f4 gxf4 14. Bxf4 Nd7 15. Nf3 Nf6 16. g5 hxg5 1/2-1/2

[Event "Creon op 13th"]
[Site "Creon"]
[Date "2008.08.02"]
[Round "8"]
[White "Lebon, Joffrey"]
[Black "Ippolito, Manuel"]
[Result "0-1"]
[WhiteElo "1975"]
[BlackElo "2272"]
[PlyCount "48"]
[EventDate "2008.07.28"]
[EventType "swiss"]
[EventRounds "9"]
[EventCountry "FRA"]
[SourceTitle "CBM 125 Extra"]
[Source "ChessBase"]
[SourceDate "2008.09.01"]
[SourceVersion "1"]
[SourceVersionDate "2008.09.01"]
[SourceQuality "1"]

1. e4 c5 2. Nf3 e6 3. d4 cxd4 4. Nxd4 a6 5. Nc3 Qc7 6. g3 Nc6 7. Bg2 Nf6 8. 0-0 Be7 9. Re1 0-0 10. Be3 d6 11. Na4 Ne5 12. Nb6 Qxb6 13. Nxe6 Qc6 14. Nxf8 Bxf8 15. f4 Bg4 16. Qd2 Nf3+ 17. Bxf3 Bxf3 18. e5 dxe5 19. fxe5 Ne4 20. Qc1 Rd8 21. c3 Bc5 22. Bxc5 Qxc5+ 23. Qe3 Rd2 24. Qxc5 Rg2+ 0-1

[Event "Creon op 12th"]
[Site "Creon"]
[Date "2007.07.31"]
[Round "2"]
[White "Ippolito, Manuel"]
[Black "Delorme, Laurie"]
[Result "1-0"]
[WhiteElo "2280"]
[BlackElo "2040"]
[PlyCount "53"]
[EventDate "2007.07.30"]
[EventType "swiss"]
[EventRounds "9"]
[EventCountry "FRA"]
[SourceTitle "CBM 119 Extra"]
[Source "ChessBase"]
[SourceDate "2007.09.04"]
[SourceVersion "1"]
[SourceVersionDate "2007.09.04"]
[SourceQuality "1"]

1. Nf3 Nf6 2. g3 d5 3. Bg2 c6 4. b3 e6 5. Bb2 Bd6 6. 0-0 0-0 7. d3 Qe7 8. Nbd2 e5 9. e4 Bg4 10. a3 a5 11. Qe1 Re8 12. h3 Bh5 13. Nh4 Bg6 14. Nxg6 hxg6 15. exd5 cxd5 16. c4 Na6 17. cxd5 Nc5 18. Qe3 Qd7 19. Rfe1 Qb5 20. Nc4 Rad8 21. a4 Qa6 22. Nxd6 Qxd6 23. Bxe5 Nxb3 24. Bxd6 Rxe3 25. fxe3 Nxa1 26. Be7 Nc2 27. Rc1 1-0

[Event "Paris Apsap op 73rd"]
[Site "Paris"]
[Date "2004.08.03"]
[Round "4"]
[White "Gozzi, Giorgio"]
[Black "Ippolito, Manuel"]
[Result "1/2-1/2"]
[WhiteElo "1826"]
[BlackElo "2257"]
[PlyCount "89"]
[EventDate "2004.08.??"]
[EventType "swiss"]
[EventRounds "9"]
[EventCountry "FRA"]
[SourceTitle "EXT 2006"]
[Source "ChessBase"]
[SourceDate "2005.11.24"]
[SourceVersion "1"]
[SourceVersionDate "2005.11.24"]
[SourceQuality "1"]

1. e4 c5 2. Nf3 e6 3. d4 cxd4 4. Nxd4 a6 5. a4 Nf6 6. Nc3 Bb4 7. Bd3 d5 8. exd5 Nxd5 9. Bd2 Nxc3 10. Bxc3 Bxc3+ 11. bxc3 Qc7 12. Qd2 Nd7 13. 0-0 0-0 14. Rfe1 Nc5 15. Nb3 b6 16. Nxc5 Qxc5 17. Qe3 Qxe3 18. Rxe3 Bd7 19. Be4 Ra7 20. Rd3 f5 21. Bf3 Kf7 22. Rd6 Rb8 23. Bc6 Ke7 24. Rad1 Bxc6 25. Rxc6 Rd7 26. Re1 Rd6 27. Rc7+ Kf6 28. f4 Rbd8 29. Kf2 Rd2+ 30. Re2 R8d6 31. Ra7 a5 32. Rb7 Rd1 33. Ke3 h6 34. Rc7 g5 35. g3 R1d5 36. c4 Rc5 37. Rxc5 bxc5 38. c3 Rb6 39. Kd3 gxf4 40. gxf4 Rb7 41. Kc2 Rb8 42. Re5 Rc8 43. Kd3 Ke7 44. Re2 Rb8 45. Rg2 1/2-1/2

[Event "Paris Apsap op 52nd"]
[Site "Paris"]
[Date "2002.04.20"]
[Round "8"]
[White "Ippolito, Manuel"]
[Black "Graziani, Jacques"]
[Result "1/2-1/2"]
[WhiteElo "2238"]
[BlackElo "2091"]
[PlyCount "52"]
[EventDate "2002.04.17"]
[EventType "swiss"]
[EventRounds "9"]
[EventCountry "FRA"]
[SourceTitle "EXT 2003"]
[Source "ChessBase"]
[SourceDate "2002.11.25"]
[SourceVersion "1"]
[SourceVersionDate "2002.11.25"]
[SourceQuality "1"]

1. e4 d6 2. d4 Nf6 3. Nc3 g6 4. Nf3 Bg7 5. Be2 0-0 6. 0-0 c6 7. a4 a5 8. h3 Na6 9. Bg5 Nb4 10. Qd2 d5 11. e5 Ne4 12. Nxe4 dxe4 13. Ne1 f6 14. exf6 exf6 15. Bf4 Be6 16. c3 Nd5 17. Bh2 f5 18. Nc2 Qh4 19. Bg3 Qe7 20. f3 f4 21. fxe4 fxg3 22. exd5 Bxd5 23. Rae1 Rxf1+ 24. Bxf1 Qh4 25. Qd3 Qf4 26. c4 Bf7 1/2-1/2

[Event "Paris Apsap op 52nd"]
[Site "Paris"]
[Date "2002.04.13"]
[Round "1"]
[White "Kosoian, Bela"]
[Black "Ippolito, Manuel"]
[Result "0-1"]
[WhiteElo "2024"]
[BlackElo "2289"]
[PlyCount "62"]
[EventDate "2002.04.17"]
[EventType "swiss"]
[EventRounds "9"]
[EventCountry "FRA"]
[SourceTitle "EXT 2003"]
[Source "ChessBase"]
[SourceDate "2002.11.25"]
[SourceVersion "1"]
[SourceVersionDate "2002.11.25"]
[SourceQuality "1"]

1. c4 Nf6 2. Nc3 g6 3. g3 Bg7 4. Bg2 0-0 5. e3 c6 6. Nge2 d5 7. cxd5 cxd5 8. d4 e6 9. 0-0 Nc6 10. b3 a5 11. Bb2 Bd7 12. Rc1 Nb4 13. Nf4 Qb6 14. a3 Na6 15. Nd3 Rfc8 16. Ne5 Be8 17. Re1 Rc7 18. Ne2 Rac8 19. Rxc7 Rxc7 20. Nc1 Ne4 21. f3 Nd6 22. Qd2 a4 23. Bc3 Qa7 24. bxa4 Bxa4 25. Bf1 f6 26. Ng4 Nc4 27. Bxc4 Rxc4 28. Kg2 Nc7 29. Re2 Qb6 30. Bb4 Qb5 31. Qa2 Rxc1 0-1

[Event "FRA-chT2"]
[Site "France"]
[Date "2002.03.??"]
[Round "9"]
[White "Bakalarz, Mietek"]
[Black "Ippolito, Manuel"]
[Result "1-0"]
[WhiteElo "2328"]
[BlackElo "2289"]
[PlyCount "78"]
[EventDate "2002.??.??"]
[EventType "team"]
[EventRounds "11"]
[EventCountry "FRA"]
[SourceTitle "EXT 2003"]
[Source "ChessBase"]
[SourceDate "2002.11.25"]
[SourceVersion "1"]
[SourceVersionDate "2002.11.25"]
[SourceQuality "1"]

1. e4 d6 2. d4 g6 3. Nc3 Bg7 4. Nf3 a6 5. Be3 b5 6. a4 b4 7. Nd5 Bb7 8. a5 e6 9. Nxb4 Bxe4 10. Bd3 Bb7 11. 0-0 Ne7 12. c3 Nd7 13. Qe2 Qc8 14. Bg5 Nd5 15. Nxd5 Bxd5 16. Be4 Qb7 17. Bxd5 Qxd5 18. b4 0-0 19. Rab1 Rfe8 20. c4 Qf5 21. h3 h5 22. Qd2 e5 23. dxe5 Nxe5 24. Nxe5 Rxe5 25. Be3 Rae8 26. Rfd1 g5 27. Qd3 Qe6 28. b5 g4 29. hxg4 Qxg4 30. b6 h4 31. f3 Qe6 32. Bf2 h3 33. f4 Re2 34. Qxh3 Qe4 35. Qf3 Qxf3 36. gxf3 cxb6 37. axb6 Rb8 38. Rxd6 Rb2 39. b7 Bf8 1-0

[Event "FRA-chT2"]
[Site "France"]
[Date "2002.01.??"]
[Round "5"]
[White "Donrault, Patrick"]
[Black "Ippolito, Manuel"]
[Result "0-1"]
[WhiteElo "2267"]
[BlackElo "2289"]
[PlyCount "102"]
[EventDate "2002.??.??"]
[EventType "team"]
[EventRounds "11"]
[EventCountry "FRA"]
[SourceTitle "EXT 2003"]
[Source "ChessBase"]
[SourceDate "2002.11.25"]
[SourceVersion "1"]
[SourceVersionDate "2002.11.25"]
[SourceQuality "1"]

1. d4 Nf6 2. Nf3 d6 3. c4 g6 4. Nc3 Bg7 5. Bg5 0-0 6. e3 c5 7. Be2 Bf5 8. 0-0 Ne4 9. Nxe4 Bxe4 10. Nd2 Bf5 11. Nb3 h6 12. Bh4 a5 13. g4 Be4 14. Nd2 Bc6 15. d5 Bd7 16. Rb1 Na6 17. f4 b5 18. cxb5 Nc7 19. a4 Nxd5 20. Nc4 Nf6 21. Bf3 Rb8 22. e4 Be6 23. Ne3 Qb6 24. Bf2 Qc7 25. f5 Bc8 26. Nc4 Bb7 27. Re1 Ba8 28. Qd2 Rbd8 29. Qxa5 Qc8 30. Qd2 d5 31. Nb6 dxe4 32. Nxc8 Rxd2 33. Nxe7+ Kh7 34. Bd1 Rfd8 35. Bb3 Nxg4 36. Bg3 Bd4+ 37. Kh1 e3+ 38. Nc6 gxf5 39. Bxf7 Rc8 40. Bd5 e2 41. Bf4 Ne3 42. Bxe3 Bxe3 43. a5 Rxd5 44. Rxe2 f4 45. Kg2 Bxc6 46. bxc6 Rxc6 47. b4 cxb4 48. Rxb4 Rxa5 49. Rb7+ Kg6 50. h4 Ra3 51. Rb5 Bd4 0-1

[Event "Cappelle op 16th"]
[Site "Cappelle la Grande"]
[Date "2000.02.21"]
[Round "3"]
[White "Ippolito, Manuel"]
[Black "Hauchard, Arnaud"]
[Result "0-1"]
[WhiteElo "2282"]
[BlackElo "2513"]
[PlyCount "96"]
[EventDate "2000.02.19"]
[EventType "swiss"]
[EventRounds "9"]
[EventCountry "FRA"]
[SourceTitle "CBM 074 Extra"]
[Source "ChessBase"]
[SourceDate "2000.03.10"]
[SourceVersion "2"]
[SourceVersionDate "2000.03.10"]
[SourceQuality "1"]

1. e4 d5 2. exd5 Qxd5 3. Nc3 Qa5 4. d4 c6 5. Nf3 Nf6 6. Bc4 Bg4 7. Bd2 e6 8. h3 Bh5 9. g4 Bg6 10. Qe2 Bb4 11. 0-0-0 Nbd7 12. a3 Bxc3 13. Bxc3 Qc7 14. Ne5 Nxe5 15. dxe5 Nd5 16. Bd2 0-0-0 17. f4 h5 18. Rhf1 hxg4 19. hxg4 Qe7 20. Qf2 Nb6 21. Bb3 Be4 22. Be3 Rxd1+ 23. Rxd1 Qh4 24. Bxb6 axb6 25. Qxh4 Rxh4 26. f5 Bd5 27. Bxd5 cxd5 28. Rg1 Kd7 29. Kd2 Rh2+ 30. Kd3 Rf2 31. b3 Rf3+ 32. Kd4 Rf4+ 33. Kd3 Re4 34. c4 Rxe5 35. cxd5 Rxd5+ 36. Kc4 Re5 37. Rg3 Ke7 38. Kd4 Rd5+ 39. Ke4 Rc5 40. Rd3 Rc1 41. Rd4 Re1+ 42. Kf3 Re5 43. Rb4 b5 44. fxe6 Kxe6 45. a4 Kd6 46. axb5 Kc5 47. Rc4+ Kb6 48. Rd4 Rxb5 0-1

[Event "Paris Apsap Paques op 35th"]
[Site "Paris"]
[Date "2000.??.??"]
[Round "?"]
[White "Ippolito, Manuel"]
[Black "Uhoda, Philippe"]
[Result "1-0"]
[WhiteElo "2282"]
[BlackElo "2165"]
[PlyCount "43"]
[EventDate "2000.04.??"]
[EventType "swiss"]
[EventRounds "7"]
[EventCountry "FRA"]
[SourceTitle "EXT 2005"]
[Source "ChessBase"]
[SourceDate "2004.11.15"]
[SourceVersion "1"]
[SourceVersionDate "2004.11.15"]
[SourceQuality "1"]

1. e4 d6 2. d4 Nf6 3. Nc3 g6 4. Bg5 c6 5. Qd2 b5 6. Bd3 Bg7 7. f4 0-0 8. Nf3 Bg4 9. 0-0-0 Qa5 10. Kb1 b4 11. Ne2 Nbd7 12. f5 c5 13. Qf4 Bxf3 14. gxf3 Rfc8 15. dxc5 dxc5 16. fxg6 hxg6 17. Bc4 Nb6 18. Bxf7+ Kxf7 19. e5 Na4 20. exf6 Nc3+ 21. Nxc3 bxc3 22. fxg7+ 1-0

[Event "FRA-chB"]
[Site "Meribel"]
[Date "1998.??.??"]
[Round "7"]
[White "Ippolito, Manuel"]
[Black "Jossien, Arnaud"]
[Result "1/2-1/2"]
[WhiteElo "2290"]
[BlackElo "2250"]
[PlyCount "57"]
[EventDate "1998.08.??"]
[EventType "swiss"]
[EventRounds "10"]
[EventCountry "FRA"]
[SourceTitle "EXT 2000"]
[Source "ChessBase"]
[SourceDate "1999.11.16"]
[SourceVersion "1"]
[SourceVersionDate "1999.11.16"]
[SourceQuality "1"]

1. e4 d6 2. d4 Nf6 3. Nc3 e5 4. Nf3 Nbd7 5. Bc4 Be7 6. 0-0 0-0 7. h3 c6 8. a4 b6 9. Qe2 a6 10. Rd1 Qc7 11. Bg5 Re8 12. dxe5 dxe5 13. Nh4 Nc5 14. Nf5 Be6 15. Nxe7+ Rxe7 16. Bxf6 gxf6 17. Bxe6 fxe6 18. Qf3 Rf8 19. b4 Nb7 20. Ne2 Kh8 21. Rd3 c5 22. c3 f5 23. exf5 exf5 24. Qh5 Qc6 25. Rf3 Qg6 26. Qxg6 hxg6 27. Rd3 Kg7 28. Rad1 Rf6 29. g3 1/2-1/2

[Event "Argenteuil"]
[Site "Argenteuil"]
[Date "1997.??.??"]
[Round "1"]
[White "Marcelin, Cyril"]
[Black "Ippolito, Manuel"]
[Result "1/2-1/2"]
[WhiteElo "2335"]
[BlackElo "2280"]
[PlyCount "52"]
[EventDate "1997.10.25"]
[EventType "tourn"]
[EventRounds "9"]
[EventCountry "FRA"]
[EventCategory "4"]
[SourceTitle "CBM 062 Extra"]
[Source "ChessBase"]
[SourceDate "1998.03.09"]
[SourceVersion "1"]
[SourceVersionDate "1998.03.09"]
[SourceQuality "1"]

1. e4 d5 2. exd5 Nf6 3. c4 e6 4. Nc3 exd5 5. d4 Be7 6. Nf3 0-0 7. Be3 Be6 8. cxd5 Nxd5 9. Bd3 c5 10. 0-0 cxd4 11. Nxd4 Nxe3 12. fxe3 Bd7 13. Qb3 Bg5 14. Rae1 Nc6 15. Qxb7 Rb8 16. Nxc6 Bxc6 17. Qxc6 Qxd3 18. Qe4 Qxe4 19. Nxe4 Bh6 20. b3 Rbe8 21. Nd6 Bxe3+ 22. Kh1 Re6 23. Nc4 Rfe8 24. Nxe3 Rxe3 25. Rxe3 Rxe3 26. Kg1 Re2 1/2-1/2

[Event "Argenteuil"]
[Site "Argenteuil"]
[Date "1997.??.??"]
[Round "4"]
[White "Royer, Sylvain"]
[Black "Ippolito, Manuel"]
[Result "0-1"]
[WhiteElo "2230"]
[BlackElo "2280"]
[PlyCount "82"]
[EventDate "1997.10.25"]
[EventType "tourn"]
[EventRounds "9"]
[EventCountry "FRA"]
[EventCategory "4"]
[SourceTitle "CBM 062 Extra"]
[Source "ChessBase"]
[SourceDate "1998.03.09"]
[SourceVersion "1"]
[SourceVersionDate "1998.03.09"]
[SourceQuality "1"]

1. d4 Nf6 2. Nf3 g6 3. c4 Bg7 4. Nc3 d6 5. e4 0-0 6. Be2 e5 7. 0-0 Nh5 8. dxe5 dxe5 9. Qxd8 Rxd8 10. Bg5 f6 11. Rfd1 Re8 12. Be3 Nf4 13. Bxf4 exf4 14. Nd5 Na6 15. c5 c6 16. Bxa6 cxd5 17. Bb5 Rxe4 18. Rxd5 Be6 19. Rd6 Rb4 20. Nd4 Bf7 21. Rd1 Bf8 22. a3 Rxb2 23. Rxf6 Bg7 24. Rxf7 Kxf7 25. Bc4+ Kf6 26. Nf3 Bf8 27. h4 Rc2 28. Rd4 Bxc5 29. Rxf4+ Ke7 30. Ng5 Rc1+ 31. Bf1 Rf8 32. Re4+ Kd7 33. Nf3 Bxa3 34. Ne5+ Kc7 35. Nd3 Rc3 36. Nf4 Kb8 37. g3 Bd6 38. Nd5 Rc2 39. Be2 Rc5 40. Ne3 Re5 41. Rd4 Bc5 0-1

[Event "Bagneux"]
[Site "Bagneux"]
[Date "1996.??.??"]
[Round "6"]
[White "Ippolito, Manuel"]
[Black "Bartha, Sandor"]
[Result "1-0"]
[WhiteElo "2280"]
[BlackElo "2240"]
[PlyCount "59"]
[EventDate "1996.??.??"]
[EventType "tourn"]
[EventRounds "9"]
[EventCountry "FRA"]
[EventCategory "3"]
[SourceTitle "EXT 1999"]
[Source "ChessBase"]
[SourceDate "1998.11.16"]
[SourceVersion "1"]
[SourceVersionDate "1998.11.16"]
[SourceQuality "1"]

1. e4 d6 2. d4 Nf6 3. Nc3 Nbd7 4. f4 c5 5. e5 Ng8 6. e6 fxe6 7. Nf3 cxd4 8. Nxd4 Ndf6 9. Bb5+ Kf7 10. g4 g6 11. 0-0 a6 12. Bd3 e5 13. fxe5 dxe5 14. Nf3 Kg7 15. h3 e4 16. Nxe4 Nxe4 17. Bxe4 Qxd1 18. Rxd1 Nf6 19. Bd3 e5 20. Nxe5 Bc5+ 21. Kg2 Re8 22. Nf3 b5 23. Bd2 Bb7 24. Re1 Ne4 25. Bf4 Kg8 26. a4 b4 27. Rad1 Re7 28. Bc4+ Kg7 29. Bd5 Bxd5 30. Rxd5 1-0

[Event "Bagneux"]
[Site "Bagneux"]
[Date "1996.??.??"]
[Round "4"]
[White "Ippolito, Manuel"]
[Black "Neiman, Emmanuel"]
[Result "0-1"]
[WhiteElo "2280"]
[BlackElo "2295"]
[PlyCount "78"]
[EventDate "1996.??.??"]
[EventType "tourn"]
[EventRounds "9"]
[EventCountry "FRA"]
[EventCategory "3"]
[SourceTitle "EXT 1999"]
[Source "ChessBase"]
[SourceDate "1998.11.16"]
[SourceVersion "1"]
[SourceVersionDate "1998.11.16"]
[SourceQuality "1"]

1. e4 e5 2. f4 Bc5 3. Nf3 d6 4. Nc3 Nf6 5. Bc4 Nc6 6. d3 a6 7. f5 Na5 8. Bg5 Nxc4 9. dxc4 Bb4 10. 0-0 Bxc3 11. bxc3 b6 12. Rb1 Bb7 13. Nd2 Qd7 14. Bxf6 gxf6 15. Qe2 Qc6 16. Kh1 Ke7 17. Qd3 Rag8 18. Qd5 Rg4 19. Rfe1 Rhg8 20. Re2 Ba8 21. Qxc6 Bxc6 22. Kg1 b5 23. cxb5 axb5 24. g3 Ra8 25. Rb2 Ra4 26. Kf2 Rg8 27. Re1 Rga8 28. Ra1 Bd7 29. Ke3 c6 30. g4 d5 31. Kd3 Rg8 32. h3 h5 33. Rb4 hxg4 34. Rxa4 bxa4 35. Rg1 dxe4+ 36. Kxe4 Rg5 37. hxg4 Bxf5+ 38. Kf3 Bxc2 39. Rh1 Rg8 0-1

[Event "Bagneux"]
[Site "Bagneux"]
[Date "1996.??.??"]
[Round "3"]
[White "Ippolito, Manuel"]
[Black "Sinkovics, Peter"]
[Result "1/2-1/2"]
[WhiteElo "2280"]
[BlackElo "2405"]
[PlyCount "95"]
[EventDate "1996.??.??"]
[EventType "tourn"]
[EventRounds "9"]
[EventCountry "FRA"]
[EventCategory "3"]
[SourceTitle "EXT 1999"]
[Source "ChessBase"]
[SourceDate "1998.11.16"]
[SourceVersion "1"]
[SourceVersionDate "1998.11.16"]
[SourceQuality "1"]

1. e4 e5 2. f4 d5 3. exd5 c6 4. Nc3 cxd5 5. fxe5 d4 6. Ne4 Qd5 7. Bd3 Nc6 8. Qe2 Nxe5 9. Nf3 Nxd3+ 10. cxd3 Be6 11. b3 Ne7 12. Bb2 Nc6 13. Rc1 Be7 14. 0-0 0-0 15. Qf2 Rad8 16. Qg3 f5 17. Rxc6 Qxc6 18. Bxd4 Rf7 19. Ne5 Qd5 20. Bc3 f4 21. Rxf4 Rxf4 22. Qxf4 Bc5+ 23. Nxc5 Qxc5+ 24. Qf2 Qa3 25. h3 Qxa2 26. Qg3 Qa3 27. b4 Qa4 28. Nc6 Rd7 29. Qb8+ Kf7 30. Ne5+ Ke7 31. Nxd7 Qxd7 32. Qxa7 Kf7 33. Qb8 Bf5 34. Qh8 Kg6 35. h4 h5 36. Qf8 Bxd3 37. Bxg7 Qf5 38. Qxf5+ Bxf5 39. Bf8 Kf7 40. Bh6 Ke6 41. Kf2 Kd7 42. Ke3 Bg4 43. Kd4 Be6 44. Ke5 Bg4 45. d4 Be6 46. d5 Bg4 47. Kd4 Kc8 48. Ke5 1/2-1/2

[Event "Bagneux"]
[Site "Bagneux"]
[Date "1996.??.??"]
[Round "7"]
[White "Payen, Arnaud"]
[Black "Ippolito, Manuel"]
[Result "1-0"]
[WhiteElo "2300"]
[BlackElo "2280"]
[PlyCount "95"]
[EventDate "1996.??.??"]
[EventType "tourn"]
[EventRounds "9"]
[EventCountry "FRA"]
[EventCategory "3"]
[SourceTitle "EXT 1999"]
[Source "ChessBase"]
[SourceDate "1998.11.16"]
[SourceVersion "1"]
[SourceVersionDate "1998.11.16"]
[SourceQuality "1"]

1. e4 c5 2. Nf3 d6 3. d4 cxd4 4. Nxd4 Nf6 5. Nc3 g6 6. g3 Nc6 7. Nde2 b6 8. Bg2 Ba6 9. 0-0 Bg7 10. a4 0-0 11. Re1 Rc8 12. Nb5 Bb7 13. e5 dxe5 14. Nxa7 Qxd1 15. Rxd1 Nxa7 16. Bxb7 Rxc2 17. Nc3 Nc8 18. Ba6 e4 19. Bc4 Ng4 20. Bb3 Rxf2 21. h3 Rf3 22. hxg4 Rxg3+ 23. Kf2 Rxg4 24. Be3 Be5 25. Nd5 Bxb2 26. Ra2 Be5 27. Nxb6 Nxb6 28. Bxb6 Rb8 29. a5 Bc3 30. Bd5 e6 31. Bc6 Bxa5 32. Bxa5 Rb3 33. Raa1 h5 34. Rg1 Rf4+ 35. Ke2 Rh4 36. Rh1 Rg4 37. Rag1 Rf4 38. Rf1 Rg4 39. Rfg1 Rf4 40. Bd2 Rb2 41. Rxh5 e3 42. Kxe3 Rc4 43. Rb5 Ra2 44. Rc1 Ra3+ 45. Ke2 Rh4 46. Bc3 Rh2+ 47. Kd1 f6 48. Rb7 1-0